header

Modeling the ionosphere-thermosphere system / (Record no. 98475)

MARC details
000 -LEADER
fixed length control field 02103nam a2200445 i 4500
001 - CONTROL NUMBER
control field ebr10849276
003 - CONTROL NUMBER IDENTIFIER
control field CaPaEBR
006 - FIXED-LENGTH DATA ELEMENTS--ADDITIONAL MATERIAL CHARACTERISTICS--GENERAL INFORMATION
fixed length control field m o d
007 - PHYSICAL DESCRIPTION FIXED FIELD--GENERAL INFORMATION
fixed length control field cr cn|||||||||
008 - FIXED-LENGTH DATA ELEMENTS--GENERAL INFORMATION
fixed length control field 140327t20142014dcua ob 001 0 eng d
020 ## - INTERNATIONAL STANDARD BOOK NUMBER
Cancelled/invalid ISBN 9780875904917
International Standard Book Number 9781118704219 (e-book)
040 ## - CATALOGING SOURCE
Original cataloging agency CaPaEBR
Language of cataloging eng
Description conventions rda
-- pn
Transcribing agency CaPaEBR
035 ## - SYSTEM CONTROL NUMBER
System control number (OCoLC)875666294
050 14 - LIBRARY OF CONGRESS CALL NUMBER
Classification number QC881.2.I6
Item number .M634 2014eb
082 04 - DEWEY DECIMAL CLASSIFICATION NUMBER
Classification number 551.51
Edition number 23
245 00 - TITLE STATEMENT
Title Modeling the ionosphere-thermosphere system /
Statement of responsibility, etc Joseph Huba, Robert Schunk, George Khazanov, editors.
264 #1 - PRODUCTION, PUBLICATION, DISTRIBUTION, MANUFACTURE, AND COPYRIGHT NOTICE
Place of production, publication, distribution, manufacture Washington, District of Columbia :
Name of producer, publisher, distributor, manufacturer American Geophysical Union,
Date of production, publication, distribution, manufacture, or copyright notice 2014.
Date of production, publication, distribution, manufacture, or copyright notice �2014
300 ## - PHYSICAL DESCRIPTION
Extent 1 online resource (350 pages) :
Other physical details illustrations.
336 ## - CONTENT TYPE
Content type term text
Source rdacontent
337 ## - MEDIA TYPE
Media type term computer
Source rdamedia
338 ## - CARRIER TYPE
Carrier type term online resource
Source rdacarrier
490 1# - SERIES STATEMENT
Series statement Geophysical Monograph Series,
International Standard Serial Number 0065-8448 ;
Volume number/sequential designation 201
504 ## - BIBLIOGRAPHY, ETC. NOTE
Bibliography, etc Includes bibliographical references at the end of each chapters and index.
588 ## - SOURCE OF DESCRIPTION NOTE
Source of description note Description based on print version record.
590 ## - LOCAL NOTE (RLIN)
Local note Electronic reproduction. Palo Alto, Calif. : ebrary, 2015. Available via World Wide Web. Access may be limited to ebrary affiliated libraries.
650 #0 - SUBJECT ADDED ENTRY--TOPICAL TERM
Topical term or geographic name as entry element Ionosphere
General subdivision Mathematical models.
Topical term or geographic name as entry element Thermosphere
General subdivision Mathematical models.
Topical term or geographic name as entry element Atmospheric thermodynamics.
Topical term or geographic name as entry element Dynamic meteorology.
655 #0 - INDEX TERM--GENRE/FORM
Genre/form data or focus term Electronic books.
700 1# - ADDED ENTRY--PERSONAL NAME
Personal name Huba, J. D.
Fuller form of name (Joseph D.),
Dates associated with a name 1950-
Relator term editor of compilation.
Personal name Schunk, R. W.
Fuller form of name (Robert W.),
Relator term editor of compilation.
Personal name Khazanov, G. V.
Fuller form of name (Georgi�i Vladimirovich),
Relator term editor of compilation.
776 08 - ADDITIONAL PHYSICAL FORM ENTRY
Display text Print version:
Title Modeling the ionosphere-thermosphere system.
Place, publisher, and date of publication Washington, District of Columbia : American Geophysical Union, c2014
Physical description viii, 340 pages
Series data for related item Geophysical monograph series ; 201.
International Standard Serial Number 0065-8448
International Standard Book Number 9780875904917
Record control number 2013050020
797 2# - LOCAL ADDED ENTRY--CORPORATE NAME (RLIN)
Corporate name or jurisdiction name as entry element ebrary.
830 #0 - SERIES ADDED ENTRY--UNIFORM TITLE
Uniform title Geophysical monograph series ;
Volume number/sequential designation 201.
856 40 - ELECTRONIC LOCATION AND ACCESS
Uniform Resource Identifier <a href="http://site.ebrary.com/lib/rucke/Doc?id=10849276">http://site.ebrary.com/lib/rucke/Doc?id=10849276</a>
Public note An electronic book accessible through the World Wide Web; click to view

No items available.

© 2026 Rongo University
Contact us: librarian | system librarian | Rongo university